| 000 | 00707nam a22002057a 4500 | ||
|---|---|---|---|
| 999 |
_c3329 _d3329 |
||
| 003 | AR-CdUCM | ||
| 008 | 190306b ||||| |||| 00| 0 spa d | ||
| 040 |
_aMUNICIPALIDAD PROVINCIAL DEL CUSCO _cBIBLIOTECA MUNICIPAL DEL CUSCO |
||
| 082 |
_a869.56 / _bB34 |
||
| 100 |
_aBejarano, Carmen Luz _911055 |
||
| 245 | _aEl cuarto de los Trebejos / | ||
| 260 |
_aLima : _bSeglusa Editores, _c1989. |
||
| 300 |
_a154 paginas ; _c20 cm. |
||
| 505 | _aContenido :Yo no tengo raíces -- Un potro fugaz -- El viaje --Sobre la desierta -- No solo María del Pilar ... | ||
| 650 |
_aNovelas peruanas _9545 |
||
| 650 |
_aProsas poéticas peruanas _92094 |
||
| 650 |
_aSiglo XX _98 |
||
| 942 |
_2ddc _cLIBROS |
||
| 945 | _arum | ||